000 00302nam a22001337a 4500
008 171023b xxu||||| |||| 00| 0 eng d
020 _a9780073530147
041 _aeng
080 _a338
100 _a54
101 _aMEN
245 _aMANAGEMENT SKILLS AND APPLICATION
_cRUE.L.W
942 _2udc
_cBK
999 _c35344
_d35344